<?xml version="1.0" encoding="UTF-8"?>
<record
    xmlns:xsi="http://www.w3.org/2001/XMLSchema-instance"
    xsi:schemaLocation="http://www.loc.gov/MARC21/slim http://www.loc.gov/standards/marcxml/schema/MARC21slim.xsd"
    xmlns="http://www.loc.gov/MARC21/slim">

  <leader>00455nam a2200169   4500</leader>
  <controlfield tag="005">20260112152137.0</controlfield>
  <datafield tag="020" ind1=" " ind2=" ">
    <subfield code="a">9789395161930</subfield>
  </datafield>
  <datafield tag="082" ind1=" " ind2=" ">
    <subfield code="a">346.07</subfield>
    <subfield code="b">GUL.B</subfield>
  </datafield>
  <datafield tag="084" ind1=" " ind2=" ">
    <subfield code="2">Colon Classification</subfield>
  </datafield>
  <datafield tag="100" ind1=" " ind2=" ">
    <subfield code="a">Gulshan,S S</subfield>
    <subfield code="9">7760</subfield>
  </datafield>
  <datafield tag="100" ind1=" " ind2=" ">
    <subfield code="a">Kapoor,G K</subfield>
    <subfield code="9">7761</subfield>
  </datafield>
  <datafield tag="245" ind1=" " ind2=" ">
    <subfield code="a">Business law including company law</subfield>
  </datafield>
  <datafield tag="260" ind1=" " ind2=" ">
    <subfield code="a">NewDelhi:</subfield>
    <subfield code="b">New Age international,</subfield>
    <subfield code="c">2025.</subfield>
  </datafield>
  <datafield tag="300" ind1=" " ind2=" ">
    <subfield code="a">789p.</subfield>
  </datafield>
  <datafield tag="650" ind1=" " ind2=" ">
    <subfield code="a">Business law</subfield>
    <subfield code="v">Company law</subfield>
    <subfield code="9">7762</subfield>
  </datafield>
  <datafield tag="942" ind1=" " ind2=" ">
    <subfield code="2">ddc</subfield>
    <subfield code="c"> GIF </subfield>
  </datafield>
  <datafield tag="999" ind1=" " ind2=" ">
    <subfield code="c">754997</subfield>
    <subfield code="d">754997</subfield>
  </datafield>
  <datafield tag="952" ind1=" " ind2=" ">
    <subfield code="0">0</subfield>
    <subfield code="1">0</subfield>
    <subfield code="2">ddc</subfield>
    <subfield code="4">0</subfield>
    <subfield code="7">0</subfield>
    <subfield code="a">CAMPUS</subfield>
    <subfield code="b">CAMPUS</subfield>
    <subfield code="c">GEN</subfield>
    <subfield code="d">2026-01-12</subfield>
    <subfield code="l">0</subfield>
    <subfield code="o">346.07 GUL.B</subfield>
    <subfield code="p">UCLG1043</subfield>
    <subfield code="r">2026-01-12 09:55:35</subfield>
    <subfield code="w">2026-01-12</subfield>
    <subfield code="y"> GIF </subfield>
  </datafield>
</record>
